00451nam a2200169Ia 4500999001700000003000400017005001700021008004100038040000900079082002200088100002500110245002800135260004500163300000900208650001400217942005000231 c27508d27508OSt20201228115715.0190216s9999||||xx |||||||||||||| ||und|| coclc a894.812301bKOC/S aKochubava, T V96443 0aSnanam /cT V Kochubava bPoorna Publications,a Kozhikode:c1996. a114p aMalayalam cBK2ddch894.812301iKOC/Sk894.812301mKOC/S